Central Bohemian Towns - Statistics

General Stats
  • This quiz has been taken 9 times
  • The average score is 41 of 86
Answer Stats
Answer % Correct
Benešov
100%
Kladno
100%
Beroun
88%
Český Brod
88%
Kolín
88%
Kutná Hora
88%
Mělník
88%
Rakovník
88%
Říčany
88%
Vlašim
88%
Brandýs nad Labem-Stará Boleslav
75%
Kralupy nad Vltavou
75%
Mladá Boleslav
75%
Neratovice
75%
Nymburk
75%
Poděbrady
75%
Sedlčany
75%
Slaný
75%
Čelákovice
63%
Mnichovice
63%
Příbram
63%
Sázava
63%
Týnec nad Sázavou
63%
Uhlířské Janovice
63%
Votice
63%
Benátky nad Jizerou
50%
Buštěhrad
50%
Čáslav
50%
Černošice
50%
Dobřichovice
50%
Dobříš
50%
Hostivice
50%
Kostelec nad Černými lesy
50%
Kouřim
50%
Lysá nad Labem
50%
Milovice
50%
Mníšek pod Brdy
50%
Nové Strašecí
50%
Roztoky
50%
Sadská
50%
Trhový Štěpánov
50%
Úvaly
50%
Velvary
50%
Zruč nad Sázavou
50%
Bystřice
38%
Chýně
38%
Hořovice
38%
Jesenice
38%
Jesenice
38%
Jílové u Prahy
38%
Kosmonosy
38%
Králův Dvůr
38%
Libušín
38%
Městec Králové
38%
Neveklov
38%
Pečky
38%
Řevnice
38%
Rožďalovice
38%
Rudná
38%
Sedlec-Prčice
38%
Smečno
38%
Stochov
38%
Unhošť
38%
Zásmuky
38%
Bakov nad Jizerou
25%
Bělá pod Bezdězem
25%
Březnice
25%
Dobrovice
25%
Hostomice
25%
Kostelec nad Labem
25%
Krásná Hora nad Vltavou
25%
Libčice nad Vltavou
25%
Liběchov
25%
Miličín
25%
Mnichovo Hradiště
25%
Mšeno
25%
Nový Knín
25%
Odolena Voda
25%
Rožmitál pod Třemšínem
25%
Týnec nad Labem
25%
Veltrusy
25%
Zdice
25%
Dolní Bousov
13%
Klecany
13%
Pyšely
13%
Žebrák
0%
No matching quizzes found
Score Distribution
Percent of People with Each Score
Percentile by Number Answered
Your Score History
You have not taken this quiz